000 00665nam a2200253Ia 4500
005 20260121153817.0
008 008 260114s9999 xx 000 0 eng d
020 _a9781003001256
037 _aEBOOK
040 _aCRL
040 _beng
040 _cCRL
041 _2eng
041 _aeng
084 _qCRL
100 _aKirsten Anker; Peter D. Burdon; Geoffrey Garver; Michelle Maloney; Carla Sbert
_9999406
245 0 _aFrom Environmental to Ecological Law
260 _bTaylor and Francis
260 _c2021
856 _uhttp://www.taylorfrancis.com/books/9781003001256
942 _cEBOOK
999 _c1566227
_d1566227